000
00227 a2200097 4500
001
11416
100
_a
Thompson, V.
245
_a
Minority Problems in southease Agia
260
_a
_b
Stanford University
_c
090
_c
8958
_d
8958
942
_a
NUST-CAE
_c
M
_c
35775
999
_c
246489
_d
246489